Administración de cadenas de aprovisionamiento : cómo construir una ventaja competitiva sostenida /
Contenido: Primeros esfuerzos, resultados mixtos; Exitos en niveles progresivos; La difícil transición al nivel II; Desplazamiento al segundo nivel de progreso; La pared entre los niveles II y III; Nivel III: poner al mundo externo en la mira; Información conjunta; Lograr una perspectiva para el fut...
Salvato in:
| Autore principale: | |
|---|---|
| Natura: | Libro |
| Lingua: | spagnolo |
| Pubblicazione: |
México :
Oxford University,
2001, c2001
|
| Soggetti: | |
| Tags: |
Nessun Tag, puoi essere il primo ad aggiungerne!!
|
MARC
| LEADER | 00000nam^a2200000^a^4500 | ||
|---|---|---|---|
| 001 | 000134386 | ||
| 005 | 20250521000000.0 | ||
| 009 | 20260310095204.677 | ||
| 020 | |a 970-613-636-3 | ||
| 037 | |a Acervo ITESO - Biblioteca | ||
| 041 | |a ESP | ||
| 082 | |a 658. 406 |b POI | ||
| 100 | |a Poirier, Charles C. |e (autor) | ||
| 245 | 1 | 0 | |a Administración de cadenas de aprovisionamiento : |b cómo construir una ventaja competitiva sostenida / |c C.C. Poirier ; tr. por Carlos E. González Herández. |
| 264 | 4 | |a México : |b Oxford University, |c 2001, c2001 | |
| 300 | |a XIII, 253 p. | ||
| 336 | |a texto |b txt |2 rdacontenido | ||
| 337 | |a sin mediación |b n |2 rdamedio | ||
| 338 | |a volumen |b nc |2 rdasoporte | ||
| 500 | |a Traducción de: Advanced Supply Chain Management | ||
| 520 | |a Contenido: Primeros esfuerzos, resultados mixtos; Exitos en niveles progresivos; La difícil transición al nivel II; Desplazamiento al segundo nivel de progreso; La pared entre los niveles II y III; Nivel III: poner al mundo externo en la mira; Información conjunta; Lograr una perspectiva para el futuro; La brecha en el desempeño; Utilización de la tecnología para mantener una ventaja; Una perspectiva del futuro: turbocargar la cadena de aprovisionamiento. | ||
| 649 | |a XX | ||
| 650 | |a Atención al Cliente | ||
| 650 | |a Calidad Total | ||
| 650 | |a Organización Administrativa | ||
| 650 | |a Exito Administrativo | ||
| 650 | |a Proceso Administrativo | ||
| 650 | |a Mercadotecnia | ||
| 650 | |a Administración | ||
| 650 | |a Ciencias Administrativas | ||
| 910 | |a Fondo General | ||
| 920 | |a Impresos - Libros | ||
| 930 | |a Colección General | ||
| 905 | |a 101 | ||
| 901 | |a 0500063688 |b IT1 |c ACC |u 20250521 | ||
| 902 | |a https://opac.biblio.iteso.mx/vufind/Record/000134386 | ||